000 00702nam a22002537a 4500
001 72681
003 UA-OsUOA
005 20220729151711.0
007 ta
008 20110125b un ||||| |||| 00| 0 ukr d
020 _a9785903081080
040 _aUA-OsUOA
_brus
_cUA-OsUOA
_dUA-OsUOA
041 _arus
080 _a821.161.1
090 _a821.161.1
_bП57
100 _aПоплавский Б.
245 _aСобрание сочинений : в 3 т.
_bстихотворения
260 _aМ.
_bРусский путь
_c2009
300 _a560 с.
505 _gТ. 1
650 7 _a82 Література. Літературознавство
_2UDC
942 _cBK
_2udc
955 _a3
999 _c358972
_d358972